000 00272nam a22001097a 4500
082 _a005.133-FP CHE
100 _aCHELLAM,MEENAKSHI
_964742
245 _aFOX PRO 2.0 , COMMANDS AND FUNCTIONS
260 _aNEW DELHI
_bBPB PUBLICATION
_c1992
300 _a484P
942 _cBK
999 _c573149
_d573149